000 nam a22 a 4500
999 _c410684
_d410684
003 BLK
005 20221208031051.0
008 210423b bu |||||r|||| 00| 0 bu d
040 _aBLK
041 _aBUL
_cBUL
080 _aФизика
_b53
_z53(075)
_x(075)
100 _9254479
_aНаджаков, Георги
_eпърви автор
139 _aНаджаков, Георги
245 _aФизика
_bЗа X кл. на общоорбазователните училища
_cГеорги Наджаков, Олга Тасева, Стоян Петров
250 _a11. изд
260 _9443233
_aСофия
_bНар. просвета
_c1956
300 _a206 с.
_c22 см
380 _a5
500 _a1. изд. 1945
650 0 _9253505
_aФизика - учебници за средни училища
653 7 _9199275
_aфизика
700 _aТасева, Олга
_eсъавт.
_91445
700 _aПетров, Стоян Христов
_eсъавт.
_91445
852 _aЦб 5.215.47474
_bО
942 _cKNG
_n0
_s1
944 _aCR
_c2021-04-23
_kМикаела Микова - Илиева
_l2021-04-23
999 _d410684